Competitive design of steel structures /

Bibliographic Details
Main Author: Russell, Peter
Other Authors: Dowell, George
Format: Book
Language:English
Published: London : Chapman & Hall, ltd., 1950.
Subjects:

MARC

Tag First Indicator Second Indicator Subfields
LEADER 00000cam a2200000 4500
001 in00000026383
005 20151007061245.0
008 800627s1950 enkaf 00010 eng d
035 |a (OCoLC)06469077 
035 |9 AAD1579AM 
040 |a TXA  |c TXA  |d UtOrBLW 
049 |a TXAM  |c 1 [223952]  |c 2 [372664] 
090 |a TH1611  |b .R8 1950 
092 |a 691.7  |b R966c 
100 1 |a Russell, Peter. 
245 1 0 |a Competitive design of steel structures /  |c by Peter Russell and George Dowell. 
264 1 |a London :  |b Chapman & Hall, ltd.,  |c 1950. 
300 |a xxii, 426 pages :  |b frontispiece, illustrations, folded plate, diagrams ;  |c 25 cm. 
336 |a text  |b txt  |2 rdacontent 
337 |a unmediated  |b n  |2 rdamedia 
338 |a volume  |b nc  |2 rdacarrier 
650 0 |a Steel, Structural. 
650 0 |a Building, Iron and steel. 
700 1 |a Dowell, George. 
999 |a MARS 
999 f f |s d69ab396-c602-3a7e-adad-126af6e76a13  |i fab9bbcf-73da-3937-979c-b0ae467915ff  |t 0 
952 f f |p ric  |a Texas A&M University  |b Rellis Campus  |c Joint Library Facility  |d Remote Storage  |t 0  |e TH1611 .R8 1950  |h Library of Congress classification  |i unmediated -- volume  |m A14801138879 
998 f f |a TH1611 .R8 1950  |t 0  |l Remote Storage